[Event "8th Gibraltar U16-Junior 2018"]
[Site "Caleta"]
[Date "2018.08.18"]
[Round "3"]
[White "Perez Beltran, Salvador"]
[Black "Howell, Oliver W"]
[Result "1-0"]
[WhiteElo "2018"]
[BlackElo "1853"]
[Annotator "NA RC"]
[PlyCount "189"]
[EventDate "2018.08.17"]
[EventType "swiss"]
[EventCountry "GGB"]
[SourceTitle "playchess.com"]
[Source "ChessBase"]
[SourceQuality "1"]
[TimeControl "6600+10"]

{[%evp 10,165,19,32767,32767,33,32767,32767,32767,65,65,73,32767,38,30,32767,32767,32767,32767,32767,191,78,82,32767,32767,39,32767,56,102,32767,118,103,117,0,41,27,132,12,32767,-87,32767,-106,-102,32767,32767,32767,0,0,0,0,0,0,0,32767,32767,0,32767,32767,32767,0,32767,32767,32767,32767,32767,32767,32767,0,0,0,0,0,0,0,0,0,0,0,0,0,0,32767,0,0,0,0,0,-8,-7,-8,0,-8,0,-22,0,-10,0,0,0,-23,0,0,32767,-22,32767,32767,0,0,31,32767,32767,10,0,0,32767,32767,32767,35,62,33,97,95,103,100,110,108,100,56,99,31,45,35,60,68,68,47,35,0,55,40,49,62,132,32767,32767,32767,32767,29,31,8,24,0,31,12,67,62,112,103]} 1. e4 {[%emt 0:00:00]} e6 {[%emt 0:00:00]} 2. d4 {[%emt 0:00:00]} d5 {[%emt 0:00:04]} 3. Bd3 {[%emt 0:00:05]} c5 {[%emt 0:01:45]} 4. exd5 {[%emt 0:00:07]} exd5 {[%emt 0:00:37]} 5. Nf3 {[%emt 0:00:10]} Nf6 {[%emt 0:04:27]} 6. O-O {[%emt 0:00:30] C01: Französische Verteidigung (Abtauschvariante)} Be7 {[%emt 0:01:28]} (6... c4 7. Re1+ Be7 8. Be2 O-O 9. b3 cxb3 10. axb3 Nc6 11. c3 Re8 12. Nbd2 Bd6 13. Bd3 Bg4 14. Rxe8+ Qxe8 {0-1 (52) Fontaine,R (2563)-Carlsen,M (2834) chess.com INT 2018}) 7. dxc5 {[%emt 0:03:27] LiveBook: 6 Games} Bxc5 {[%emt 0:00:48]} 8. Re1+ {[%emt 0:04:48]} Be7 {[%emt 0:03:17]} 9. Qe2 {[%emt 0:12:30]} Nc6 $1 $146 {[%emt 0:14:44]} ({Vorgänger:} 9... Bg4 10. Nbd2 Nc6 11. h3 Bd7 12. Ne5 Nxe5 13. Qxe5 Rc8 {1-0 (46) Hernandez Leon,S (2110)-Kaizer,B (1842) Arrecife de Lanzarote 2017}) 10. Bb5 {[%emt 0:08:31]} Ne4 {[%emt 0:10:56]} 11. Nd4 {[%emt 0:10:14]} (11. c4 $18 Be6 12. Nd4) 11... Bd7 {[%emt 0:08:38]} 12. Nb3 {[%emt 0:12:19]} O-O {[%emt 0:08:06]} 13. c4 {[%emt 0:06:02]} Be6 {[%emt 0:26:22]} 14. Rd1 {[%emt 0:18:36]} Qb6 $2 {[%emt 0:14:56]} (14... Re8 $11) 15. Be3 {[%emt 0:19:15] [#]} (15. cxd5 $18 Bg4 16. Qxe4 Bxd1 17. Bd3 (17. Bxc6 Bxb3 18. Be3 Bc5 $17) (17. dxc6 Qxb5 18. Nc3 Qxc6 $16)) 15... d4 $1 {[%emt 0:05:07]} 16. Nxd4 {[%emt 0:01:31]} Nxd4 {[%emt 0:06:10]} 17. Rxd4 {[%emt 0:02:46]} (17. Bxd4 $16 Bc5 18. Bxc5 (18. Qxe4 Rfd8 $15) 18... Nxc5 19. b4) 17... Nc5 {[%emt 0:00:40]} 18. Rd1 {[%emt 0:03:33]} Rad8 {[%emt 0:00:29]} (18... a6 $11) 19. Nc3 {[%emt 0:00:16]} a6 {[%emt 0:00:26] [#]} 20. b4 $1 {[%emt 0:02:37]} axb5 {[%emt 0:00:36] [#]} 21. Nxb5 {[%emt 0:00:13]} (21. Nd5 $1 $16 {[%cal Rd5b6]} Bxd5 22. cxd5) 21... Rxd1+ {[%emt 0:00:31]} 22. Rxd1 {[%emt 0:00:07]} Ra8 {[%emt 0:00:38]} (22... Qc6 $14) 23. a3 {[%emt 0:02:16]} ({Keinesfalls} 23. Bxc5 $6 Bxc5 24. bxc5 Qxc5 $14) ({Günstiger ist} 23. bxc5 $16 Qa6 24. Nc7 Qxa2 25. Qd3) 23... h6 {[%emt 0:00:39]} 24. Qh5 $2 {[%emt 0:00:33]} ({Of course not} 24. Bxc5 $6 Bxc5 25. bxc5 Qxc5 $11) (24. bxc5 $16 {keeps the pressure on.} Bxc5 {[#]} 25. Rd6 $1 {[%mdl 512]} Rxa3 26. Qd1 (26. Rxb6 Ra1+ 27. Qf1 Rxf1+ 28. Kxf1 Bxc4+ 29. Ke1 Bxb6 $15) 26... Qxd6 27. Nxd6 Bxd6 28. h3) 24... Bxc4 {[%emt 0:00:42]} 25. Nc3 {[%emt 0:00:44]} Rxa3 {[%emt 0:00:23]} 26. bxc5 {[%emt 0:00:50]} Qb2 {[%emt 0:00:21]} 27. Nd5 {[%emt 0:00:49]} Bxd5 {[%emt 0:00:40]} 28. Qxd5 {[%emt 0:00:05]} Ra1 {[%emt 0:00:13]} 29. h3 {[%emt 0:00:23]} Rxd1+ {[%emt 0:00:02]} 30. Qxd1 {[%emt 0:00:01]} Qb5 {[%emt 0:00:02]} 31. Qd5 {[%emt 0:00:49]} Qc6 {[%emt 0:00:01]} 32. Qe5 {[%emt 0:00:11]} Bf6 {[%emt 0:00:23]} 33. Qb8+ {[%emt 0:00:03]} Kh7 {[%emt 0:00:02]} 34. Qf4 {[%emt 0:00:18]} Qa6 {[%emt 0:00:19]} 35. Qe4+ {[%emt 0:00:04]} g6 {[%emt 0:00:12]} 36. g3 {[%emt 0:00:36]} Qa1+ {[%emt 0:00:05]} 37. Kg2 {[%emt 0:00:01]} Qa6 {[%emt 0:00:06]} 38. Kh2 {[%emt 0:00:26]} Qc6 {[%emt 0:00:03]} 39. Qc4 {[%emt 0:00:06]} Kg7 {[%emt 0:00:09]} 40. Qf4 {[%emt 0:00:17]} Bg5 {[%emt 0:00:07]} 41. Qd4+ {[%emt 0:00:02]} Bf6 {[%emt 0:00:10]} 42. Qd1 {[%emt 0:00:22]} Be7 {[%emt 0:00:07]} 43. Qc1 {[%emt 0:00:04]} h5 {[%emt 0:00:16]} 44. Bh6+ {[%emt 0:00:08]} Kg8 {[%emt 0:00:04]} 45. Qa1 {[%emt 0:00:11]} Qf6 {[%emt 0:00:14]} 46. Qa8+ $1 {[%emt 0:00:21]} Kh7 {[%emt 0:00:01]} 47. Be3 {[%emt 0:00:06]} Qc6 $1 {[%emt 0:00:19]} 48. Qa5 {[%emt 0:00:19]} h4 {[%emt 0:00:10]} 49. Qb4 {[%emt 0:00:07]} hxg3+ {[%emt 0:00:03]} 50. Kxg3 {[%emt 0:00:03]} Qd5 {[%emt 0:00:15]} 51. Qc3 {[%emt 0:00:12]} Qc6 {[%emt 0:00:11]} 52. Qe5 {[%emt 0:00:09]} Bf6 {[%emt 0:00:09]} 53. Qf4 {[%emt 0:00:05]} Kg8 {[%emt 0:00:47]} 54. Qb8+ {[%emt 0:00:12]} Kh7 {[%emt 0:00:06]} 55. Qf4 {[%emt 0:00:03]} Kg8 {[%emt 0:00:05]} 56. Qb8+ {[%emt 0:00:17]} Kh7 {[%emt 0:00:21]} 57. Qf8 {[%emt 0:00:18]} Be5+ {[%emt 0:00:21]} 58. f4 {[%emt 0:00:02]} Bg7 {[%emt 0:00:22]} 59. Qxf7 {[%emt 0:00:05]} Qe4 {[%emt 0:00:05]} 60. Kf2 {[%emt 0:00:15]} Qc2+ {[%emt 0:00:01]} 61. Kg3 {[%emt 0:00:10]} Qe4 {[%emt 0:00:05]} 62. Qb3 {[%emt 0:00:03]} Qh1 {[%emt 0:00:33]} 63. Qc2 {[%emt 0:00:22]} Qe1+ {[%emt 0:00:08]} 64. Bf2 {[%emt 0:00:10]} Qb4 {[%emt 0:00:04]} (64... Qe6 $14) 65. Qd3 {[%emt 0:00:06]} Qa5 {[%emt 0:00:24]} 66. Qb3 {[%emt 0:00:12]} ({Besser ist} 66. f5 Qc7+ 67. Kg4) 66... Qc7 {[%emt 0:00:06] [#]} 67. Qd5 $1 {[%emt 0:00:11]} Bh6 {[%emt 0:00:14]} 68. Qd6 {[%emt 0:00:19]} Qf7 {[%emt 0:00:10]} 69. Qd4 {[%emt 0:00:08]} Qb3+ {[%emt 0:00:04]} 70. Be3 {[%emt 0:00:08]} Bg7 {[%emt 0:00:11]} 71. Qe4 {[%emt 0:00:08]} Qc3 {[%emt 0:00:12]} 72. Kf2 {[%emt 0:00:07]} Qb2+ {[%emt 0:00:02]} 73. Kg3 {[%emt 0:00:14]} Qc3 {[%emt 0:00:03]} 74. Qf3 $16 {[%emt 0:00:09]} Qe1+ {[%emt 0:00:06]} 75. Bf2 {[%emt 0:00:13]} Qb4 {[%emt 0:00:05] [#]} (75... Qb1 $1 $14) 76. Qd5 {[%emt 0:00:11]} (76. f5 $1 $16) 76... Qc3+ {[%emt 0:00:04]} 77. Qf3 {[%emt 0:00:03]} Qb4 {[%emt 0:00:01] [#]} 78. Qe3 {[%emt 0:00:16]} Qc4 {[%emt 0:00:16]} 79. Qe7 {[%emt 0:00:10]} Qd3+ {[%emt 0:00:03]} 80. Qe3 {[%emt 0:00:05]} Qc4 {[%emt 0:00:00]} 81. h4 {[%emt 0:00:10]} Qd5 {[%emt 0:00:09]} 82. Qf3 {[%emt 0:00:06]} Qd7 {[%emt 0:00:20]} (82... Qf7 $14) 83. Qe4 $16 {[%emt 0:00:05]} Qf7 {[%emt 0:00:35]} 84. h5 {[%emt 0:00:11]} Qb3+ {[%emt 0:00:02]} 85. Be3 {[%emt 0:00:04]} Qf7 {[%emt 0:00:13]} 86. hxg6+ {[%emt 0:00:21]} Qxg6+ {[%emt 0:00:02]} 87. Qxg6+ {[%emt 0:00:06]} Kxg6 {[%emt 0:00:01]} 88. Kg4 {[%emt 0:00:05]} Bf6 {[%emt 0:00:26]} 89. f5+ {[%emt 0:00:07]} Kf7 {[%emt 0:00:03]} 90. Kf4 {[%emt 0:00:13]} Be7 {[%emt 0:00:07]} 91. Ke5 {[%emt 0:00:04]} Bf8 {[%emt 0:00:08]} 92. f6 {[%emt 0:00:06]} b5 {[%emt 0:00:50]} 93. cxb6 {[%emt 0:00:06]} Bb4 {[%emt 0:00:01]} 94. b7 {[%emt 0:00:06]} Bc3+ {[%emt 0:00:01]} 95. Kd5 {[%emt 0:00:10]} 1-0

[Event "8th Gibraltar U16-Junior 2018"]
[Site "Caleta"]
[Date "2018.08.18"]
[Round "3"]
[White "Carroll, Thomas"]
[Black "Onslow, Teddy"]
[Result "1-0"]
[WhiteElo "1965"]
[BlackElo "1669"]
[Annotator "NA RC"]
[PlyCount "61"]
[EventDate "2018.08.17"]
[EventType "swiss"]
[EventCountry "GGB"]
[SourceTitle "playchess.com"]
[Source "ChessBase"]
[SourceQuality "1"]
[TimeControl "6600+10"]

1. d4 {[%emt 0:00:00]} d5 {[%emt 0:00:00]} 2. c4 {[%emt 0:00:00]} e6 {[%emt 0:00:03]} 3. Nc3 {[%emt 0:00:00]} Nf6 {[%emt 0:00:09]} 4. cxd5 {[%emt 0:00:03]} exd5 {[%emt 0:00:15]} 5. Bg5 {[%emt 0:00:08]} Be7 {[%emt 0:00:23]} 6. e3 {[%emt 0:00:08]} O-O {[%emt 0:01:47]} 7. Bd3 {[%emt 0:00:04]} h6 {[%emt 0:00:21]} 8. Bh4 {[%emt 0:01:34]} b6 {[%emt 0:04:21]} 9. Nge2 {[%emt 0:05:20]} Bb7 {[%emt 0:00:48]} 10. O-O {[%emt 0:01:38]} Ne4 {[%emt 0:01:40] D35: Queen's Gambit Declined: Exchange Variation} 11. Bxe7 {[%emt 0:03:34]} Qxe7 {[%emt 0:00:08]} 12. Nf4 {[%emt 0:00:22]} Nxc3 {[%emt 0:02:21]} 13. bxc3 {[%emt 0:01:06]} Nd7 {[%emt 0:00:33] [#]} 14. a4 $146 {[%emt 0:07:32]} ({Predecessor:} 14. Qb3 Nf6 15. c4 Rfd8 16. c5 Rab8 17. Rfc1 bxc5 18. Rxc5 {½-½ (31) Nakamura,H (2601)-Nikolayev,I (2334) New York 2004}) 14... Rfe8 {[%emt 0:08:00]} 15. a5 {[%emt 0:01:32]} a6 {[%emt 0:02:09]} 16. Qb3 {[%emt 0:08:52]} Qd6 {[%emt 0:08:13]} 17. Be2 {[%emt 0:02:00]} b5 {[%emt 0:02:15]} 18. Bf3 {[%emt 0:04:57]} Nf6 {[%emt 0:02:35]} 19. Nd3 {[%emt 0:06:39]} Nd7 {[%emt 0:09:42]} 20. Rfd1 {[%emt 0:03:14]} Rac8 {[%emt 0:02:47]} 21. Bg4 {[%emt 0:02:57]} Rb8 {[%emt 0:09:59]} 22. Bxd7 {[%emt 0:01:29]} Qxd7 {[%emt 0:00:50]} 23. Nc5 {[%emt 0:01:16]} Qd6 {[%emt 0:01:26]} 24. Qc2 {[%emt 0:04:20]} Qc6 {[%emt 0:14:41]} 25. Rdb1 {[%emt 0:02:40]} Bc8 {[%emt 0:10:58]} 26. Rb2 {[%emt 0:00:43]} Qf6 {[%emt 0:09:38]} 27. Qe2 {[%emt 0:01:55]} Ra8 {[%emt 0:05:44]} 28. Re1 $14 {[%emt 0:01:35]} Qc6 {[%emt 0:08:30]} 29. Qh5 {[%emt 0:01:33]} f5 {[%emt 0:03:19]} 30. Nd3 {[%emt 0:01:52]} Qf6 {[%emt 0:01:08]} 31. Qxe8+ {[%emt 0:00:23] Qd8 [%emt 00:00:39]} 1-0

[Event "8th Gibraltar U16-Junior 2018"]
[Site "Caleta"]
[Date "2018.08.18"]
[Round "3"]
[White "Tombolis, Christopher"]
[Black "Garrido Outon, Alex"]
[Result "0-1"]
[WhiteElo "1900"]
[BlackElo "2119"]
[Annotator "TA"]
[PlyCount "116"]
[EventDate "2018.08.17"]
[EventType "swiss"]
[EventCountry "GGB"]
[SourceTitle "playchess.com"]
[Source "ChessBase"]
[SourceQuality "1"]

{[%evp 24,116,33,7,25,8,25,0,0,0,0,0,0,0,15,-27,3,0,4,-70,-70,-86,-49,-174,-170,-264,-254,-265,-236,-538,-586,-539,-598,-534,-570,-541,-597,-594,-544,-468,-189,-446,-417,-29961,-29965,-29964,-29966,-29966,-29968,-29966,-29969,-29968,-29969,-29969,-29969,-29969,-29969,-29970,-29964,-29972,-29972,-7220,-7188,-29981,-29982,-29982,-29983,-29983,-29984,-29984,-29984,-29985,-29986,-29986,-29987,-29989,-29990,-29990,-29990,-29992,-29991,-29991,-29992,-29992,-29993,-29994,-29994,-29995,-29994,-29996,-29997,-29997,-29997,-29998,-29999]} 1. d4 Nf6 2. c4 c5 3. d5 e6 4. Nc3 exd5 5. cxd5 d6 6. e4 g6 7. Nf3 a6 8. a4 {[%cal Ba2a4,Ba4a5][%mdl 32]} Bg4 9. Be2 Bxf3 10. Bxf3 Bg7 11. O-O O-O 12. h3 Nbd7 13. a5 {LiveBook: 3 Games. A75: Modern Benoni: Classical: 9...a6 10 a4 Bg4} (13. Re1 Re8 14. Bf4 Qc7 15. a5 Rac8 16. Qc2 c4 {½-½ (16) Nyzhnyk,I (2625)-Erdos,V (2650) Mamaia 2013}) 13... Ne8 $146 ({Predecessor:} 13... Re8 14. Be3 c4 15. Qa4 Rc8 16. Qb4 Qc7 17. Rfc1 Qb8 18. Rab1 Nc5 19. Qxc4 Ncxe4 20. Qb4 Nc5 {½-½ (48) Antonov,N (2346)-Hofstetter,H (2382) ICCF email 2012}) 14. Be3 Rb8 15. Qa4 {White has an edge.} Nc7 16. Be2 b5 17. axb6 $1 Rxb6 18. Qc2 Re8 (18... Qe7 {is interesting.} 19. Ra4 Rfb8 20. Ra2 Bd4 21. Bd2 Re8) 19. f4 (19. Ra4 {feels hotter.} Qb8 20. Rb1 Rb4 21. Rxb4 Qxb4 22. Bd2) 19... Bxc3 20. bxc3 Nxd5 21. exd5 (21. Bd2 $11) 21... Rxe3 $15 22. Bxa6 Qf6 23. Bd3 {[#]} (23. Ra3 $1 $15) 23... c4 $1 $19 {[%cal Rc4d3][%mdl 512]} 24. Bxc4 (24. Be2 $142) 24... Rxc3 25. Qe4 Kg7 {White must now prevent ...Rb4.} 26. Be2 $2 (26. Kh2 {is tougher.}) 26... Nc5 27. Qe8 Qd4+ 28. Kh2 {And now Ra8 would win.} Re3 29. Qd8 {Threatens to win with Ra8.} Rxe2 30. Qxb6 Qe4 {[%csl Ge2][%cal Re4g2]} 31. Rg1 Qxf4+ $40 {[%mdl 128] Black attacks with force.} 32. Kh1 Ne4 {( -> ...Ng3+)} 33. Rgf1 (33. Rge1 $19 Nf2+ 34. Kg1 Nxh3+ 35. Kh1) 33... Ng3+ 34. Kg1 Nxf1 35. Rxf1 {[%mdl 4096] Endgame KQR-KQR} Qg3 {[%csl Ge2][%cal Rg3g2]} 36. Qd4+ Kg8 {[%csl Ge2][%cal Rg3g2]} 37. Rf2 Qxf2+ (37... Re1+ $2 38. Rf1 $19) 38. Qxf2 Rxf2 39. Kxf2 {KP-KP} f5 40. Ke3 Kf7 41. h4 Kf6 42. Kd4 g5 43. h5 g4 {Black mates.} 44. g3 Kg5 45. Ke3 Kxh5 46. Kf4 Kg6 47. Ke3 Kg5 48. Kf2 f4 49. gxf4+ Kxf4 50. Kg2 h5 {[%cal Bh7h5,Bh5h4,Bh4h3][%mdl 32]} 51. Kh2 h4 52. Kg2 h3+ 53. Kh2 Kf3 54. Kh1 g3 55. Kg1 g2 56. Kh2 Kf2 57. Kxh3 g1=Q {[%csl Gf2][%cal Rg1g3]} 58. Kh4 Qg6 {Precision: White = 33%, Black = 85%.} 0-1

[Event "8th Gibraltar U16-Junior 2018"]
[Site "Caleta"]
[Date "2018.08.18"]
[Round "3"]
[White "Silva, Pedro Gil Ferreira "]
[Black "Cuellar Montes, Alejandro"]
[Result "1/2-1/2"]
[WhiteElo "1795"]
[BlackElo "2074"]
[Annotator "NA RC"]
[PlyCount "130"]
[EventDate "2018.08.17"]
[EventType "swiss"]
[EventCountry "GGB"]
[SourceTitle "playchess.com"]
[Source "ChessBase"]
[SourceQuality "1"]
[TimeControl "6600+10"]

{[%evp 9,125,19,32767,32767,32767,-17,9,-97,-74,32767,11,44,32767,32767,32767,32767,110,84,117,32767,138,32767,32767,32767,32767,32767,32767,123,32767,32767,32767,32767,172,32767,32767,32767,32767,32767,32767,32767,32767,32767,32767,32767,32767,32767,32767,32767,165,97,95,92,97,95,97,94,100,12,86,83,241,64,231,82,308,256,256,256,32767,387,306,222,32767,253,204,32767,32767,32767,32767,32767,32767,32767,32767,0,756,1377,5501,5369,1683,2212,3070,32767,32767,134,1586,932,454,1430,907,5081,29986,29987,29986,2961,12845,8,828,12848,29982,0,32767,12848,32767,32767,32767,32767,0,8]} 1. e4 {[%emt 0:00:00]} d6 {[%emt 0:00:01]} 2. d4 {[%emt 0:00:06]} Nf6 {[%emt 0:00:06]} 3. Nc3 {[%emt 0:00:20]} Nbd7 {[%emt 0:00:05]} 4. f4 {[%emt 0:01:11]} e5 {[%emt 0:00:17]} 5. Nf3 {[%emt 0:01:54]} exd4 {[%emt 0:00:12]} 6. Qxd4 {[%emt 0:03:28]} c6 {[%emt 0:00:15]} 7. Bc4 {[%emt 0:02:25]} (7. Bd2 $14) 7... d5 {[%emt 0:00:51] LiveBook: 12 Partien B07: Pirc Defence: Miscellaneous Systems} 8. Be2 {[%emt 0:20:55]} (8. exd5 $11 {remains equal.} Bc5 9. Qd3 O-O 10. dxc6 bxc6 11. Bd2 Re8+ 12. Ne2 Ne4 13. O-O-O Qe7 14. Rhf1 Nxd2 15. Ng5 {1-0 (61) Neiksans,A (2503)-Vachier Lagrave,M (2703) Warsaw 2010}) 8... Bc5 {[%emt 0:01:48]} 9. Qd3 {[%emt 0:00:27]} O-O $146 {[%emt 0:03:22]} (9... Qb6 $17 10. exd5 O-O) ({Predecessor:} 9... Ng4 10. Nd4 Ndf6 11. e5 Ne4 12. Bxg4 Bxg4 13. O-O Qd7 14. Be3 O-O-O 15. Rab1 {1-0 (68) Hakimifard,G (2102)-Rudolf,A (2273) Yerevan 2007}) 10. e5 $1 {[%emt 0:06:35]} Ne4 {[%emt 0:21:13]} 11. Nxe4 {[%emt 0:03:47]} dxe4 {[%emt 0:00:17]} 12. Qxe4 {[%emt 0:00:08]} Qb6 {[%emt 0:01:52]} 13. Ng5 {[%emt 0:02:59]} g6 {[%emt 0:02:13]} 14. h4 {[%emt 0:08:28]} Qb4+ {[%emt 0:38:38]} (14... h6 $1 $11) 15. c3 {[%emt 0:03:16]} Qxe4 {[%emt 0:00:40]} 16. Nxe4 {[%emt 0:00:06]} Be7 {[%emt 0:00:26]} 17. Be3 {[%emt 0:06:32]} Nb6 {[%emt 0:01:00]} 18. c4 {[%emt 0:01:56]} Be6 {[%emt 0:02:13]} 19. b3 {[%emt 0:00:47]} Rad8 {[%emt 0:05:06]} 20. g3 {[%emt 0:07:07]} Bf5 {[%emt 0:01:11]} 21. Nc5 {[%emt 0:00:37]} f6 {[%emt 0:04:49]} 22. exf6 {[%emt 0:15:41]} Bxf6 {[%emt 0:00:22]} 23. Rd1 {[%emt 0:00:20]} Rde8 {[%emt 0:03:02]} 24. Kf2 {[%emt 0:00:28]} Re7 {[%emt 0:01:28]} 25. Bd4 {[%emt 0:07:18]} Rfe8 {[%emt 0:07:08]} 26. Bf3 {[%emt 0:00:59]} Bxd4+ {[%emt 0:00:15]} 27. Rxd4 {[%emt 0:00:13]} h5 {[%emt 0:00:28]} 28. Rdd1 {[%emt 0:00:52]} Nc8 {[%emt 0:04:06]} 29. Rhe1 {[%emt 0:04:38]} Rxe1 {[%emt 0:04:43]} 30. Rxe1 {[%emt 0:00:06]} Rxe1 {[%emt 0:00:13]} 31. Kxe1 {[%emt 0:00:05]} Nd6 {[%emt 0:00:04]} 32. Kd2 {[%emt 0:00:34]} Kg7 {[%emt 0:02:57]} 33. Nd3 {[%emt 0:03:02]} ({White should play} 33. Na4 $16) 33... Kf6 {[%emt 0:00:40]} (33... Bxd3 $1 $11 34. Kxd3 Nf5) 34. Ne5 {[%emt 0:00:29]} a5 $2 {[%emt 0:00:46] [#]} (34... c5 $16 {kämpft weiter.}) 35. a3 {[%emt 0:00:50]} ({Only move:} 35. c5 $1 $18 {[%cal Rc5d6]} Nb5 36. Nc4) 35... Ke6 $2 {[%emt 0:01:14] [#]} ({Black should play} 35... c5 $14) 36. Kc3 {[%emt 0:00:17]} (36. c5 $1 $18 {[%cal Rc5d6] and the rest is easy.} Nb5 37. Nc4) 36... Nc8 $2 {[%emt 0:01:11]} (36... c5 $16 {is a better defense.}) 37. b4 {[%emt 0:00:17]} axb4+ {[%emt 0:00:01]} 38. axb4 {[%emt 0:00:42]} Nd6 {[%emt 0:00:09]} 39. Kd4 {[%emt 0:00:24]} Nc8 {[%emt 0:00:32]} 40. Be4 {[%emt 0:00:46]} Bxe4 {[%emt 0:00:21]} 41. Kxe4 {[%emt 0:00:09]} Nd6+ {[%emt 0:00:01]} 42. Kd4 {[%emt 0:00:08]} b5 {[%emt 0:00:28]} 43. cxb5 {[%emt 0:00:18]} cxb5 {[%emt 0:00:02]} 44. Nxg6 {[%emt 0:00:14]} Nf5+ {[%emt 0:00:08]} 45. Kc5 {[%emt 0:00:04]} Nxg3 {[%emt 0:00:09]} 46. Ne5 $2 {[%emt 0:01:31]} (46. Kxb5 $18 Kf5 47. Ne7+ Ke6 48. Ng6) 46... Ke7 $2 {[%emt 0:00:15]} (46... Ne2 $11) 47. Kxb5 {[%emt 0:00:05]} Kd8 {[%emt 0:00:02]} 48. Kc6 {[%emt 0:00:12]} Ne2 {[%emt 0:00:19]} 49. Nd3 {[%emt 0:00:29]} Nd4+ {[%emt 0:00:10]} 50. Kd5 {[%emt 0:00:21]} Nf5 {[%emt 0:00:03]} 51. b5 $2 {[%emt 0:00:10]} (51. Ke6 $18 {ist viel giftiger.}) 51... Nxh4 {[%emt 0:00:18]} 52. b6 {[%emt 0:00:01]} Nf5 {[%emt 0:00:16]} 53. Ke5 {[%emt 0:00:39]} Ne7 {[%emt 0:00:07]} 54. f5 {[%emt 0:00:12]} h4 {[%emt 0:00:06]} 55. f6 {[%emt 0:00:03]} Ng6+ {[%emt 0:00:07]} 56. Kf5 {[%emt 0:00:14]} (56. Kd6 $142 Ke8 57. b7 Kf7 58. Nf2 Kxf6 59. b8=Q Kg7 60. Ng4 Nf8 61. Qb2+ Kh7 62. Qf6) 56... Nf8 {[%emt 0:00:05]} 57. Nc5 $2 {[%emt 0:00:34]} (57. Nf4 $18 Nd7 58. f7) 57... Kc8 $2 {[%emt 0:00:20]} (57... h3 $11 58. Ne4 h2) 58. Kg4 {[%emt 0:00:16]} Ng6 {[%emt 0:00:07]} 59. f7 $11 {[%emt 0:00:09]} (59. Kh5 {mates} Ne5 60. Kxh4 Nf7 61. Kg4 Ne5+ 62. Kf5 Nf7 63. Kg6 Ne5+ 64. Kg7) 59... Kd8 {[%emt 0:00:17]} 60. Ne6+ {[%emt 0:00:17]} Kc8 {[%emt 0:00:08]} 61. f8=Q+ {[%emt 0:00:03]} Nxf8 {[%emt 0:00:03]} 62. Nxf8 {[%emt 0:00:02]} Kb7 {[%emt 0:00:05]} 63. Nd7 {[%emt 0:00:06]} Kc6 {[%emt 0:00:14]} 64. Kxh4 {[%emt 0:00:06]} Kxd7 {[%emt 0:00:01]} 65. b7 {[%emt 0:00:02]} Kc7 {[%emt 0:00:01]} 1/2-1/2

[Event "8th Gibraltar U16-Junior 2018"]
[Site "Caleta"]
[Date "2018.08.18"]
[Round "3"]
[White "Lovell, William Pm"]
[Black "Headlong, Benjamin"]
[Result "1-0"]
[WhiteElo "1783"]
[BlackElo "1597"]
[Annotator "NA RC"]
[PlyCount "64"]
[EventDate "2018.08.17"]
[EventType "swiss"]
[EventCountry "GGB"]
[SourceTitle "playchess.com"]
[Source "ChessBase"]
[SourceQuality "1"]
[TimeControl "6600+10"]

1. c4 {[%emt 0:34:22]} e5 {[%emt 0:01:18]} 2. g3 {[%emt 0:00:06]} Nf6 {[%emt 0:01:04]} 3. Bg2 {[%emt 0:00:06]} Nc6 {[%emt 0:01:43]} 4. a3 {[%emt 0:02:55]} d6 {[%emt 0:00:35]} 5. Nc3 {[%emt 0:00:26]} Be6 {[%emt 0:00:26]} 6. d3 {[%emt 0:01:14]} d5 {[%emt 0:04:46]} 7. cxd5 {[%emt 0:02:23]} Nxd5 {[%emt 0:01:31]} 8. Nf3 {[%emt 0:01:36]} Be7 {[%emt 0:02:24]} 9. O-O {[%emt 0:00:36]} h5 {[%emt 0:00:41]} 10. Qa4 {[%emt 0:01:47]} Nb6 {[%emt 0:04:43]} 11. Qc2 {[%emt 0:01:10]} h4 {[%emt 0:00:36]} 12. Ne4 {[%emt 0:01:16]} f5 {[%emt 0:07:20]} 13. Nc5 {[%emt 0:03:26]} Bc8 {[%emt 0:10:34]} 14. b4 {[%emt 0:01:08]} hxg3 {[%emt 0:01:51]} 15. hxg3 {[%emt 0:01:29]} Bf6 {[%emt 0:05:33]} 16. Bb2 {[%emt 0:01:09]} Qe7 {[%emt 0:11:38]} 17. b5 {[%emt 0:04:10]} Nd8 {[%emt 0:01:51]} 18. d4 {[%emt 0:00:46]} e4 {[%emt 0:17:38]} 19. Ne5 {[%emt 0:01:20]} Bxe5 {[%emt 0:00:26]} 20. dxe5 {[%emt 0:00:34]} Ne6 {[%emt 0:00:54]} 21. Nxe6 {[%emt 0:05:25]} Bxe6 {[%emt 0:03:07]} 22. Rfd1 {[%emt 0:03:06]} Qf7 {[%emt 0:03:00]} 23. Rd4 {[%emt 0:04:56]} Rc8 {[%emt 0:04:27]} 24. Rc1 {[%emt 0:01:26]} Qh5 {[%emt 0:05:54]} 25. a4 {[%emt 0:02:41]} f4 {[%emt 0:06:49]} 26. Qxe4 {[%emt 0:02:51]} Qh2+ {[%emt 0:06:05]} 27. Kf1 {[%emt 0:00:02]} Bh3 {[%emt 0:00:44]} 28. Qg6+ {[%emt 0:06:21]} Kf8 {[%emt 0:02:08]} 29. Rxf4+ {[%emt 0:01:01]} Ke7 {[%emt 0:01:49]} 30. Qxg7+ {[%emt 0:00:30]} Ke8 {[%emt 0:00:55]} 31. Qxh8+ {[%emt 0:00:31]} Kd7 {[%emt 0:00:08]} 32. Qxh3+ {[%emt 0:00:14]} Ke8 {[%emt 0:00:13]} 1-0